| 000 | 00615nam a2200193 a 4500 | ||
|---|---|---|---|
| 001 | 000021723 | ||
| 005 | 20240412074250.0 | ||
| 008 | 100910s1975 dr r 000 p spa d | ||
| 040 |
_aDO-SdBNP _bspa _cBNPHU |
||
| 082 |
_aRD861.44 _bR934u |
||
| 100 | 1 |
_aRuiz de Torrez, Juan Manuel _945163 |
|
| 245 | 1 | 0 |
_aUn camino al futuro / _cJuan Manuel Ruiz de Torrez. |
| 260 |
_aSanto Domingo : _bEdiciones del Consulado, _c1975. |
||
| 300 |
_a[96 p.] ; _c24 cm. |
||
| 590 | _aInventariado, 2018/BT | ||
| 650 | 0 |
_aPoesÃa dominicana _966 |
|
| 650 | 0 |
_aLiteratura dominicana. _967 |
|
| 910 | _aValidado. Control de calidad. MFF | ||
| 999 |
_c21222 _d21222 |
||